| 000 | 01422cam a22002054a 4500 | ||
|---|---|---|---|
| 005 | 20250605164242.0 | ||
| 008 | 250528s ||||||||||||||||||||||||d | ||
| 035 | _a21376 | ||
| 020 | _a9789608250383 | ||
| 040 |
_aGR-AtMCL _bgre _dGR-AtMCL _eAACR2 |
||
| 245 | 1 | _aΕισαγωγή στη Στατική / Λυμένα Θέματα και Στοιχεία Θεωρίας για τους Σπουδαστές Ανωτάτων Σχολών και Τ.Ε.Ι.: Β' 'Εκδοση | |
| 250 | _a2η | ||
| 260 |
_bSpin, _c2008 |
||
| 300 | _a272 | ||
| 520 | _aΚεντρικός Άξονας, Διαγράμματα εντατικών μεγεθών (N) - (Q) - (M) σε δοκούς και πλαίσια, Δικτυώματα, Κέντρα βάρους επίπεδων επιφανειών, Καλώδια, Τριβή. Μαθηματική Εισαγωγή, Συστήματα Δυνάμεων, Μελέτη Βασικών Προβλημάτων, Δοκοί - Πλαίσια, Δικτυώματα, Κέντρα Βάρους Επιπέδων Σχημάτων, Σύνθετοι Φορείς, Πρακτική Μέθοδος Χάραξης Διαγραμμάτων (N) - (Q) - (M), Εύκαμπτοι Φορείς (Καλώδια), Τριβή, Ισορροπία στο Χώρο, Γενικές Ασκήσεις. | ||
| 700 | 1 |
_aΓκαρούτσος Γιάννης _97423 |
|
| 942 | _cBK | ||
| 999 |
_c6439 _d6439 |
||